Number One Hits in the UK in the Sixties - Statistics

General Stats
  • This quiz has been taken 413 times
    395 since last reset
  • The average score is 102 of 183
Answer Stats
Hint Initials Answer % Correct
A Hard Day's Night | All You Need is Love | Can't Buy Me Love | +14 others B Beatles
95%
(I can't get no) Satisfaction | Get Off of my Cloud | Honky Tonk Women | +5 others RS Rolling Stones
94%
(You're the) Devil in Disguise | Are you lonesome tonight? | Crying in the Chapel | +8 others EP Elvis Presley
90%
It's Over | Oh, Pretty Woman | Only the Lonely RO Roy Orbison
89%
Sunny Afternoon | Tired of Waiting for You | You Really Got Me K Kinks
88%
Green, green grass of home | It's Not Unusual TJ Tom Jones
86%
Do It Again | Good Vibrations BB Beach Boys
83%
House of the Rising Sun A Animals
82%
Congratulations | The Minute You're Gone CR Cliff Richard
81%
I'm a Believer M Monkees
81%
I heard it Through the Grapevine MG Marvin Gaye
79%
I got you Babe SaC Sonny and Cher
78%
Baby Love S Supremes
78%
I Gotta Get a Message to you | Massachusetts BG Bee Gees
75%
What a Wonderful World LA Louis Armstrong
75%
Do Wah Diddy Diddy | Mighty Quinn | Pretty Flamingo MM Manfred Mann
75%
You've Lost that Lovin' Feeling RB Righteous Brothers
74%
Strangers in the Night FS Frank Sinatra
72%
How Do you Do It? | I Like it | You'll Never Walk Alone GatP Gerry and the Pacemakers
71%
Apache | Dance on! | Foot tapper | +2 others S Shadows
71%
Albatross FM Fleetwood Mac
69%
Sugar, Sugar A Archies
68%
Mr Tambourine Man B Byrds
68%
Cathy's Clown | Temptation | Walk right back/Ebony eyes EB Everly Brothers
68%
I love you | Please don't tease | Summer Holiday | +2 others CRatS Cliff Richard and the Shadows
65%
I'm into Something Good HH Herman's Hermits
65%
(There's) Always Something There to Remind me | Long Live Love | Puppet on a String SS Sandie Shaw
65%
Anyone who had a heart | You're My World CB Cilla Black
63%
You Don't Have to Say you Love Me DS Dusty Springfield
63%
Reach out, I'll be There FT Four Tops
61%
With a Little Help from My Friends JC Joe Cocker
61%
Two Little Boys RH Rolf Harris
61%
Runaway DS Del Shannon
58%
A Whiter Shade of Pale PH Procol Harum
55%
Walkin' Back to Happiness | You Dont Know HS Helen Shapiro
54%
Those Were the Days MH Mary Hopkin
53%
Glad All Over DCF Dave Clark Five
51%
Release Me | The Last Waltz EH Engelbert Humperdinck
51%
I'm Alive H Hollies
51%
My old man's a dustman LD Lonnie Donegan
50%
Lily the Pink S Scaffold
50%
Dont throw your love away | Needles and Pins | Sweets for my Sweet S Searchers
49%
I'll Never Find Another You | The Carnival is Over S Seekers
49%
Somethin' Stupid NaFS Nancy and Frank Sinatra
48%
Go Now MB Moody Blues
47%
San Francisco (Be Sure to Wear Flowers in your Hair) SM Scott McKenzie
47%
Keep Up Running SDG Spencer Davis Group
47%
In the year 2525 ZaE Zager and Evans
47%
Ob-La-Di, Ob-La-Da M Marmalade
46%
Sailor | This is my Song PC Petula Clark
46%
King of the Road RM Roger Miller
46%
Telstar T Tornadoes
44%
Silence is Golden T Tremeloes
44%
Bad Moon Rising CCR Credence Clearwater Revival
43%
Confessin' | I Remember you | Lovesick Blues | The Wayward Wind FI Frank Ifield
43%
Getaway | The Ballad of Bonnie and Clyde | Yeah Yeah GF Georgie Fame
42%
Make it Easy on Yourself WB Walker Brothers
40%
(If Paradise is) Half as Nice AC Amen Corner
39%
Fire CWoAB Crazy World of Arthur Brown
39%
Young Girl GPatUG Gary Puckett and the Union Gap
38%
Tears KD Ken Dodd
38%
All or Nothing SF Small Faces
38%
With a Girl Like You T Troggs
37%
Let the Heartaches Begin LJB Long John Baldry
34%
Je t'aime....moi non plus JBaSG Jane Birkin and Serge Gainsbourg
32%
I can't stop loving you RC Ray Charles
32%
Shakin' all over JKatP Johnny Kidd and the Pirates
31%
The Legend of Xanadu DDDBMaT Dave dee, Dozy, Beaky, Mick and Tich
30%
Do you mind? | Why? AN Anthony Newley
28%
Israelites DDatA Desmond Dekker and the Aces
28%
Distant Drums JR Jim Reeves
28%
A World Without Love PaG Peter and Gordon
28%
Reach for the Stars/Climb Ev'ry Mountain SB Shirley Bassey
27%
Something in the Air TN Thunderclap Newman
27%
Concrete and Clay U4+2 Unit 4 + 2
27%
Baby Now that I've Found You F Foundations
26%
Blackberry Way M Move
26%
Where do you go to (my Lovely) PS Peter Sarstedt
26%
Bad to Me | Little Children BJKatD Billy J. Kramer and the Dakotas
25%
Three Steps to Heaven EC Eddie Cochran
24%
The Good, The Bad and The Ugly HM Hugo Montenegro
24%
Everlasting Love LA Love Affair
24%
Baby Come Back E Equals
22%
Dizzy TR Tommy Roe
21%
I Pretend DOC Des O'Connor
20%
Poor me AF Adam Faith
19%
Tower of Strength FV Frankie Vaughan
18%
Have I the Right? H Honeycombs
18%
Poetry in Motion JT Johnny Tillotson
18%
Tell Laura I love her RV Ricky Valance
18%
Do You Love Me? BPatT Brian Poole and the Tremeloes
17%
Out of Time CF Chris Farlowe
17%
Running bear JP Johnny Preston
17%
Blue Moon M Marcels
17%
Diane B Bachelors
15%
Come Outside MS Mike Sarne
15%
Moon River DW Danny Williams
13%
Johnny, Remember me JL John Leyton
12%
I'll never fall in love again BG Bobbie Gentry
11%
Juliet FP Four Pennies
11%
Nut rocker BBatS B. Bumble and the Stingers
10%
Well, I ask you EK Eden Kane
10%
What do you want to make those eyes at me for? EFatC Emile Ford and the Checkmates
10%
Good Timin JJ Jimmy Jones
10%
Michael H Highwaymen
9%
Cinderella Rockefella EaAO Esther and Abi Ofarim
8%
Starry Eyed MH Michael Holliday
7%
On the Rebound FC Floyd Cramer
6%
Where are you now (my love) JT Jackie Trent
6%
You're Driving me Crazy TS Temperance Seven
6%
Diamonds JHaTM Jet Harris and Tony Meehan
5%
Mony Mony TJatS Tommy James and the Shondells
4%
No matching quizzes found
Score Distribution
Percent of People with Each Score
Percentile by Number Answered
Your Score History
You have not taken this quiz since the last reset